Sports Quiz

Random Sports or NBA Quiz

NBA players with 15+ REB, 15+ AST in a game Quiz Stats

 Plays Quiz not verified by Sporcle

Challenge
Share
Tweet
Embed
Score 0/14 Timer 03:00
0 Plays Today
# games Player % Correct
4Russell Westbrook
99.2%
5Magic Johnson
95.7%
3Jason Kidd
93.2%
1James Harden
93%
1Rajon Rondo
91.8%
2Larry Bird
87.9%
14Oscar Robertson
84.8%
# games Player % Correct
9Wilt Chamberlain
75.8%
1Richie Guerin
66.7%
1Walt Frazier
51.5%
1Nikola Jokic
33.3%
1Donnie Butcher
0%
2Micheal Ray Richardson
0%
1Guy Rodgers
0%

You're not logged in!

Compare scores with friends on all Sporcle quizzes.
OR
Log In

You Might Also Like...

Show Comments

Extras

Created Jan 31, 2017SourceReportNominate
Tags:NBA Quiz, NBA Player

Top Quizzes Today


Score Distribution

Your Account Isn't Verified!

In order to create a playlist on Sporcle, you need to verify the email address you used during registration. Go to your Sporcle Settings to finish the process.

Report this User

Report this user for behavior that violates our Community Guidelines.

Details: